000 00618nam a2200241Ia 4500
003 OSt
005 20221007071317.0
006 a|||||r|||| 00| 0
007 ta
008 221006b |||||||| |||| 00| 0 eng d
024 _a22,320
037 _cTextual
040 _aFLL
_cFLL
_beng
041 _2eng
_aeng
082 _aZ,91, J7;L0
100 _aDias R.. W. M.
_9152973
245 0 _aJurisprudence
250 _a3rd
260 _aLondon
_bButterworths & Co. Ltd. U.S.A
_c1970
300 _alxviii,606p
_ccm.
942 _hZ,91, J7;L0
_cTEXL
_2CC
999 _c1143022
_d1143022